00335nam a2200145Ia 4500008004100000020001500041082000800056100002300064245002500087250000600112260002500118300001000143500002400153650001200177230524s9999 xx 000 0 und d a8176556554 bKAN aYashawant Kanthkar 0aTest Your C++ Skills a1 aNew DelhibBPBc2014 a377p: aQuantity Number: 1 aComp-Sc